IFM Opac

The Computer and Business : What management should know (Record no. 20371)

MARC details
000 -LEADER
fixed length control field 00311nam a22001217a 4500
020 ## - INTERNATIONAL STANDARD BOOK NUMBER
International Standard Book Number 0572008082
082 ## - DEWEY DECIMAL CLASSIFICATION NUMBER
Classification number 151.84 GIL
100 ## - MAIN ENTRY--PERSONAL NAME
Personal name Gilles,D.C.
9 (RLIN) 6396
245 ## - TITLE STATEMENT
Title The Computer and Business : What management should know
260 ## - PUBLICATION, DISTRIBUTION, ETC.
Place of publication, distribution, etc. Longon
Name of publisher, distributor, etc. W.Foulsham & Co LTD
Date of publication, distribution, etc. 1972
300 ## - PHYSICAL DESCRIPTION
Extent 173p
Other physical details ill.
942 ## - ADDED ENTRY ELEMENTS (KOHA)
Koha item type Books
Holdings
Withdrawn status Lost status Damaged status Not for loan Collection code Home library Current library Shelving location Date acquired Total Checkouts Full call number Barcode Date last seen Price effective from Koha item type
        Non-fiction IFM Main Campus Library IFM Main Campus Library Archival Collection 09/21/2021   151.84 GIL 0000015793 09/21/2021 09/21/2021 Books